Territorios Británicos - Estadísticas

Estadísticas generales
  • Esta prueba ha sido intentada 10 veces
  • La puntuación promedio es 15 de 23
Estadísticas de respuestas
Continente Tiene frontera con: Territorio % Correcto
Europa - Guernsey
100%
América - Islas Vírgenes Británicas
100%
Europa - Jersey
100%
Europa Inglaterra Escocia
88%
Europ Inglaterra Gales
88%
Europa España Gibraltar
88%
Europa Irlanda Irlanda del Norte
88%
Europa - Isla de Man
88%
América - Islas Caimán
88%
Europa Gales y Escocia Inglaterra
75%
- - Tristán de Acuña
75%
América - Anguila
63%
América - Islas Turcas y Caicos
63%
- - Santa Elena
63%
América - Bermudas
50%
América Islas Malvinas
50%
América - Islas Pitcairn
50%
América - Montserrat
50%
- - Ascensión
38%
Europa - Gran Bretaña
25%
- - Islas Georgias del Sur y Sándwich del Sur
25%
- Territorio Británico del Océanos Índico
25%
Asia Chipre Akrotiri y Dhekeila
13%
No se encontraron pruebas coincidentes
Distribución de puntuación
Porcentaje de gente con cada puntuación
Porcentaje por número respondido
Historial de tus puntuaciones
No has intentado esta prueba.